| 000 | 01084cam a22002893a 4500 | ||
|---|---|---|---|
| 001 | 5659 | ||
| 003 | PGUSA | ||
| 005 | 20140828083123.0 | ||
| 008 | 040501s2004||||xxu|||||s|||||000 | eng d | ||
| 040 |
_aPGUSA _beng |
||
| 042 | _adc | ||
| 050 | 4 | _aPN | |
| 245 | 1 | 0 |
_aStories by Foreign Authors : _bPolish, Greek, Belgian, Hungarian _h[electronic resource] |
| 260 |
_bProject Gutenberg, _c2004 |
||
| 505 | 0 | _aSienkiewicz, H. The light-house keeper of Aspinwall -- Bikelas, D. The plain sister -- Maeterlinck, M. The massacre of the innocents -- Lemonnier, C. Saint Nicholas Eve -- Jokai, M. In love with the Czarina. | |
| 506 | _aPublic domain in the USA. | ||
| 516 | _aElectronic text | ||
| 653 | _aShort stories -- Translations into English | ||
| 700 | 1 |
_aSienkiewicz, Henryk, _d1846-1916 |
|
| 700 | 1 |
_aMaeterlinck, Maurice, _d1862-1949 |
|
| 700 | 1 |
_aJókai, Mór, _d1825-1904 |
|
| 700 | 1 |
_aLemonnier, Camille, _d1844-1913 |
|
| 700 | 1 |
_aVikelas, Demetrios, _d1835-1908 |
|
| 830 | 0 |
_aProject Gutenberg _v5659 |
|
| 856 | 4 | 0 | _uhttp://www.gutenberg.org/ebooks/5659 |
| 942 | _cEB | ||
| 999 |
_c234987 _d234987 |
||